[Event "Villarobledo Online Qualifyer"]
[Site "playchess.com #155672"]
[Date "2009.05.23"]
[Round "5"]
[White "Edwinkyky77"]
[Black "Master--Sim"]
[Result "0-1"]
[WhiteElo "1798"]
[BlackElo "2034"]
[PlyCount "70"]
[EventDate "2009.05.23"]
[EventType "swiss (blitz)"]

1. e4 {[%emt 0:00:03]} e6 {[%emt 0:00:02]} 2. d4 {[%emt 0:00:01]} d5 {[%emt 0:
00:00]} 3. exd5 {[%emt 0:00:02]} exd5 {[%emt 0:00:00]} 4. Bd3 {[%emt 0:00:01]}
Nc6 {[%emt 0:00:01]} 5. Nf3 {[%emt 0:00:02]} Bd6 {[%emt 0:00:01]} 6. O-O {
[%emt 0:00:02]} Nge7 {[%emt 0:00:00]} 7. h3 {[%emt 0:00:01]} f6 {[%emt 0:00:02]
} 8. c4 {[%emt 0:00:16]} dxc4 {[%emt 0:00:12]} 9. Bxc4 {[%emt 0:00:01]} Bf5 {
[%emt 0:00:05]} 10. Nc3 {[%emt 0:00:02]} Qd7 {[%emt 0:00:02]} 11. a3 {[%emt 0:
00:08]} O-O-O {[%emt 0:00:01]} 12. Be3 {[%emt 0:00:09]} g5 {[%emt 0:00:01]} 13.
b4 {[%emt 0:00:10]} h5 {[%emt 0:00:03]} 14. d5 {[%emt 0:00:04]} Ne5 {[%emt 0:
00:04]} 15. Bb5 {[%emt 0:00:11]} c6 {[%emt 0:00:09]} 16. dxc6 {[%emt 0:00:03]}
N7xc6 {[%emt 0:00:01]} 17. Nxe5 {[%emt 0:00:15]} Bxe5 {[%emt 0:00:03]} 18. Qb3
{[%emt 0:00:07]} Be6 {[%emt 0:00:09]} 19. Qc2 {[%emt 0:00:05]} Kb8 {[%emt 0:00:
09]} 20. Rad1 {[%emt 0:00:07]} Qc7 {[%emt 0:00:04]} 21. Be2 {[%emt 0:00:07]} g4
{[%emt 0:00:10]} 22. Nb5 {[%emt 0:00:02]} Qg7 {[%emt 0:00:09]} 23. h4 {[%emt 0:
00:11]} f5 {[%emt 0:00:05]} 24. g3 {[%emt 0:00:04]} a6 {[%emt 0:00:04]} 25. a4
{[%emt 0:00:16]} Nxb4 {[%emt 0:00:14]} 26. Ba7+ {[%emt 0:00:10]} Ka8 {[%emt 0:
00:04]} 27. Qc5 {[%emt 0:00:08]} Nc6 {[%emt 0:00:14]} 28. Bb6 {[%emt 0:00:07]}
Rxd1 {[%emt 0:00:08]} 29. Rxd1 {[%emt 0:00:02]} Rc8 {[%emt 0:00:14]} 30. Na3 {
[%emt 0:00:21]} f4 {[%emt 0:00:06]} 31. gxf4 {[%emt 0:00:11]} Bxf4 {[%emt 0:00:
05]} 32. Qxh5 {[%emt 0:00:06]} g3 {[%emt 0:00:04]} 33. Qf3 {[%emt 0:00:06]}
gxf2+ {[%emt 0:00:03]} 34. Kxf2 {[%emt 0:00:02]} Rf8 {[%emt 0:00:02]} 35. Ke1 {
[%emt 0:00:10]} Bg3+ {[%emt 0:00:02] Edwinkyky77 rinde} 0-1

[Event "Villarobledo Online Qualifyer"]
[Site "playchess.com #155672"]
[Date "2009.05.23"]
[Round "5"]
[White "Master of poker"]
[Black "Sophie_Neveu"]
[Result "1-0"]
[WhiteElo "2470"]
[BlackElo "2189"]
[PlyCount "67"]
[EventDate "2009.05.23"]
[EventType "swiss (blitz)"]

1. e4 {[%emt 0:00:01]} c5 {[%emt 0:00:01]} 2. Nf3 {[%emt 0:00:02]} d6 {[%emt 0:
00:01]} 3. d4 {[%emt 0:00:01]} cxd4 {[%emt 0:00:00]} 4. Nxd4 {[%emt 0:00:00]}
Nf6 {[%emt 0:00:00]} 5. Nc3 {[%emt 0:00:00]} g6 {[%emt 0:00:00]} 6. Be3 {[%emt
0:00:03]} Bg7 {[%emt 0:00:00]} 7. f3 {[%emt 0:00:00]} O-O {[%emt 0:00:01]} 8.
Qd2 {[%emt 0:00:00]} Nc6 {[%emt 0:00:00]} 9. O-O-O {[%emt 0:00:01]} d5 {[%emt
0:00:01]} 10. Qe1 {[%emt 0:00:01]} e5 {[%emt 0:00:01]} 11. Nxc6 {[%emt 0:00:01]
} bxc6 {[%emt 0:00:01]} 12. exd5 {[%emt 0:00:00]} Nxd5 {[%emt 0:00:01]} 13. Bc4
{[%emt 0:00:05]} Be6 {[%emt 0:00:02]} 14. Bc5 {[%emt 0:00:07]} Re8 {[%emt 0:00:
01]} 15. Ne4 {[%emt 0:00:00]} Qc7 {[%emt 0:00:11]} 16. h4 {[%emt 0:00:08]} h6 {
[%emt 0:00:05]} 17. Bb3 {[%emt 0:00:16]} a5 {[%emt 0:00:03]} 18. Nc3 {[%emt 0:
00:16]} Nf4 {[%emt 0:00:05]} 19. Bxe6 {[%emt 0:00:10]} Nxe6 {[%emt 0:00:01]}
20. Bd6 {[%emt 0:00:03]} Qb6 {[%emt 0:00:01]} 21. Qg1 {[%emt 0:00:08]} Nd4 {
[%emt 0:00:03]} 22. Ba3 {[%emt 0:00:20]} Rab8 {[%emt 0:00:07]} 23. Na4 {[%emt
0:00:17]} Qb5 {[%emt 0:00:39]} 24. Nc3 {[%emt 0:00:03]} Qc4 {[%emt 0:00:14]}
25. Qf1 {[%emt 0:00:09]} Qe6 {[%emt 0:00:19]} 26. Qd3 {[%emt 0:00:09]} c5 {
[%emt 0:00:05]} 27. Bxc5 {[%emt 0:00:11]} Rec8 {[%emt 0:00:01]} 28. Ba3 {[%emt
0:00:07]} Qc6 {[%emt 0:00:15]} 29. h5 {[%emt 0:00:18]} g5 {[%emt 0:00:09]} 30.
Rhe1 {[%emt 0:00:01]} f5 {[%emt 0:00:11]} 31. g4 {[%emt 0:00:21]} Nxf3 {[%emt
0:00:06]} 32. Qxf5 {[%emt 0:00:26]} Nxe1 {[%emt 0:00:03]} 33. Rd7 {[%emt 0:00:
01]} Rb7 {[%emt 0:00:18]} 34. Qf7+ {[%emt 0:00:02] Sophie_Neveu rinde} 1-0

[Event "Villarobledo Online Qualifyer"]
[Site "playchess.com #155672"]
[Date "2009.05.23"]
[Round "5"]
[White "Byrdmanjr"]
[Black "Altruder"]
[Result "1-0"]
[WhiteElo "1961"]
[BlackElo "1697"]
[PlyCount "73"]
[EventDate "2009.05.23"]
[EventType "swiss (blitz)"]

1. d4 {[%emt 0:00:06]} Nf6 {[%emt 0:00:02]} 2. Nf3 {[%emt 0:00:01]} e6 {[%emt
0:00:02]} 3. Bg5 {[%emt 0:00:02]} Be7 {[%emt 0:00:01]} 4. c4 {[%emt 0:00:02]}
d5 {[%emt 0:00:02]} 5. Nc3 {[%emt 0:00:01]} O-O {[%emt 0:00:01]} 6. e3 {[%emt
0:00:05]} h6 {[%emt 0:00:01]} 7. Bxf6 {[%emt 0:00:02]} Bxf6 {[%emt 0:00:01]} 8.
Bd3 {[%emt 0:00:00]} Nd7 {[%emt 0:00:02]} 9. O-O {[%emt 0:00:01]} Be7 {[%emt 0:
00:01]} 10. e4 {[%emt 0:00:01]} dxe4 {[%emt 0:00:01]} 11. Nxe4 {[%emt 0:00:02]}
Nf6 {[%emt 0:00:01]} 12. Nc3 {[%emt 0:00:06]} b6 {[%emt 0:00:01]} 13. d5 {
[%emt 0:00:07]} exd5 {[%emt 0:00:04]} 14. Nxd5 {[%emt 0:00:05]} Nxd5 {[%emt 0:
00:02]} 15. cxd5 {[%emt 0:00:01]} Bb7 {[%emt 0:00:01]} 16. Bc4 {[%emt 0:00:07]}
Bf6 {[%emt 0:00:02]} 17. Rb1 {[%emt 0:00:14]} Qd6 {[%emt 0:00:02]} 18. Qd3 {
[%emt 0:00:09]} Rad8 {[%emt 0:00:04]} 19. Rfd1 {[%emt 0:00:01]} Rd7 {[%emt 0:
00:19]} 20. Nd2 {[%emt 0:00:13]} Rfd8 {[%emt 0:00:02]} 21. Ne4 {[%emt 0:00:01]}
Qe5 {[%emt 0:00:07]} 22. Nc3 {[%emt 0:00:08]} Qg5 {[%emt 0:00:09]} 23. Bb3 {
[%emt 0:00:08]} c6 {[%emt 0:00:50]} 24. Ne4 {[%emt 0:00:15]} Qg6 {[%emt 0:00:
09]} 25. Nxf6+ {[%emt 0:00:08]} Qxf6 {[%emt 0:00:01]} 26. Bc2 {[%emt 0:00:14]}
g6 {[%emt 0:00:08]} 27. Qh3 {[%emt 0:00:04]} Kg7 {[%emt 0:00:05]} 28. dxc6 {
[%emt 0:00:03]} Rxd1+ {[%emt 0:00:09]} 29. Bxd1 {[%emt 0:00:03]} Bxc6 {[%emt 0:
00:02]} 30. Qe3 {[%emt 0:00:23]} Qd6 {[%emt 0:00:12]} 31. h3 {[%emt 0:00:16]}
Re8 {[%emt 0:00:08]} 32. Qc3+ {[%emt 0:00:05]} Kh7 {[%emt 0:00:04]} 33. Bb3 {
[%emt 0:00:03]} Qb8 {[%emt 0:00:12]} 34. Qxc6 {[%emt 0:00:02]} Qe5 {[%emt 0:00:
06]} 35. Bxf7 {[%emt 0:00:04]} Re7 {[%emt 0:00:01]} 36. Qxg6+ {[%emt 0:00:02]}
Kh8 {[%emt 0:00:03]} 37. Qxh6# {[%emt 0:00:04]} 1-0

[Event "Villarobledo Online Qualifyer"]
[Site "playchess.com #155672"]
[Date "2009.05.23"]
[Round "5"]
[White "-st!er-"]
[Black "Spirliadis"]
[Result "1-0"]
[WhiteElo "2781"]
[BlackElo "1911"]
[PlyCount "65"]
[EventDate "2009.05.23"]
[EventType "swiss (blitz)"]

1. d4 {[%emt 0:01:18]} Nf6 {[%emt 0:00:02]} 2. c4 {[%emt 0:00:01]} g6 {[%emt 0:
00:01]} 3. Nc3 {[%emt 0:00:01]} Bg7 {[%emt 0:00:01]} 4. e4 {[%emt 0:00:01]} d6
{[%emt 0:00:01]} 5. Nf3 {[%emt 0:00:01]} O-O {[%emt 0:00:01]} 6. Be2 {[%emt 0:
00:00]} e5 {[%emt 0:00:01]} 7. O-O {[%emt 0:00:01]} Nc6 {[%emt 0:00:01]} 8. d5
{[%emt 0:00:00]} Ne7 {[%emt 0:00:01]} 9. b4 {[%emt 0:00:00]} a5 {[%emt 0:00:01]
} 10. Ba3 {[%emt 0:00:02]} Nh5 {[%emt 0:00:01]} 11. c5 {[%emt 0:00:02]} f5 {
[%emt 0:00:03]} 12. b5 {[%emt 0:00:04]} Nf4 {[%emt 0:00:13]} 13. Nd2 {[%emt 0:
00:05]} fxe4 {[%emt 0:00:09]} 14. Ndxe4 {[%emt 0:00:03]} Bf5 {[%emt 0:00:09]}
15. cxd6 {[%emt 0:00:04]} cxd6 {[%emt 0:00:06]} 16. Nxd6 {[%emt 0:00:01]} Kh8 {
[%emt 0:00:46]} 17. Rc1 {[%emt 0:00:23]} Bd7 {[%emt 0:00:10]} 18. Bf3 {[%emt 0:
00:06]} Nf5 {[%emt 0:00:05]} 19. Nxb7 {[%emt 0:00:03]} Qg5 {[%emt 0:00:14]} 20.
Ne4 {[%emt 0:00:03]} Qh4 {[%emt 0:00:07]} 21. Bxf8 {[%emt 0:00:07]} Rxf8 {
[%emt 0:00:05]} 22. g3 {[%emt 0:00:18]} Nh3+ {[%emt 0:00:06]} 23. Kg2 {[%emt 0:
00:01]} Qh6 {[%emt 0:00:19]} 24. Bg4 {[%emt 0:00:01]} Nf4+ {[%emt 0:00:15]} 25.
gxf4 {[%emt 0:00:02]} Qxf4 {[%emt 0:00:07]} 26. Bxf5 {[%emt 0:00:02]} Rxf5 {
[%emt 0:00:03]} 27. Ng3 {[%emt 0:00:02]} Bxb5 {[%emt 0:00:12]} 28. Nxf5 {[%emt
0:00:07]} Bxf1+ {[%emt 0:00:12]} 29. Kxf1 {[%emt 0:00:04]} Qxf5 {[%emt 0:00:04]
} 30. Nd6 {[%emt 0:00:02]} Qd7 {[%emt 0:00:03]} 31. Rc8+ {[%emt 0:00:02]} Bf8 {
[%emt 0:00:02]} 32. Rxf8+ {[%emt 0:00:01]} Kg7 {[%emt 0:00:00]} 33. Rf7+ {
[%emt 0:00:01] Spirliadis resigns} 1-0

[Event "Villarobledo Online Qualifyer"]
[Site "playchess.com #155672"]
[Date "2009.05.23"]
[Round "5"]
[White "PertsaPera"]
[Black "Musterlukas"]
[Result "1-0"]
[WhiteElo "1450"]
[BlackElo "1706"]
[PlyCount "63"]
[EventDate "2009.05.23"]
[EventType "swiss (blitz)"]

1. Nf3 {[%emt 0:00:04]} Nf6 {[%emt 0:00:05]} 2. g3 {[%emt 0:00:04]} g6 {[%emt
0:00:03]} 3. Bg2 {[%emt 0:00:00]} Bg7 {[%emt 0:00:02]} 4. O-O {[%emt 0:00:01]}
O-O {[%emt 0:00:02]} 5. d4 {[%emt 0:00:01]} d5 {[%emt 0:00:02]} 6. c3 {[%emt 0:
00:03]} Nbd7 {[%emt 0:00:03]} 7. Re1 {[%emt 0:00:01]} e6 {[%emt 0:00:01]} 8.
Nbd2 {[%emt 0:00:00]} c5 {[%emt 0:00:02]} 9. e3 {[%emt 0:00:02]} b6 {[%emt 0:
00:02]} 10. e4 {[%emt 0:00:05]} dxe4 {[%emt 0:00:02]} 11. Nxe4 {[%emt 0:00:03]}
Bb7 {[%emt 0:00:01]} 12. Nd6 {[%emt 0:00:12]} Qc7 {[%emt 0:00:05]} 13. Nxb7 {
[%emt 0:00:02]} Qxb7 {[%emt 0:00:01]} 14. Bf4 {[%emt 0:00:19]} Qc8 {[%emt 0:00:
08]} 15. Bd6 {[%emt 0:00:22]} Re8 {[%emt 0:00:03]} 16. Ne5 {[%emt 0:00:15]}
cxd4 {[%emt 0:00:06]} 17. Bxa8 {[%emt 0:00:14]} Qxa8 {[%emt 0:00:02]} 18. Qxd4
{[%emt 0:00:12]} Nd5 {[%emt 0:00:17]} 19. c4 {[%emt 0:00:09]} N5f6 {[%emt 0:00:
12]} 20. Nxd7 {[%emt 0:00:09]} Nxd7 {[%emt 0:00:04]} 21. Qf4 {[%emt 0:00:03]}
Qc6 {[%emt 0:00:11]} 22. Rab1 {[%emt 0:00:16]} e5 {[%emt 0:00:02]} 23. Qd2 {
[%emt 0:00:23]} Qxc4 {[%emt 0:00:10]} 24. Ba3 {[%emt 0:00:21]} Qe6 {[%emt 0:00:
07]} 25. Rbc1 {[%emt 0:00:04]} e4 {[%emt 0:00:09]} 26. Rc7 {[%emt 0:00:03]} Nf6
{[%emt 0:00:02]} 27. Rec1 {[%emt 0:00:05]} Ng4 {[%emt 0:00:15]} 28. R1c6 {
[%emt 0:00:05]} Qf5 {[%emt 0:00:11]} 29. Re7 {[%emt 0:00:02]} Bh6 {[%emt 0:00:
08]} 30. Rxe8+ {[%emt 0:00:03]} Kg7 {[%emt 0:00:03]} 31. Qc3+ {[%emt 0:00:03]}
f6 {[%emt 0:00:06]} 32. Rc7+ {[%emt 0:00:04] Musterlukas resigns} 1-0

[Event "Villarobledo Online Qualifyer"]
[Site "playchess.com #155672"]
[Date "2009.05.23"]
[Round "5"]
[White "Direchess"]
[Black "Juanma9413"]
[Result "1-0"]
[WhiteElo "2054"]
[BlackElo "1830"]
[PlyCount "97"]
[EventDate "2009.05.23"]
[EventType "swiss (blitz)"]

1. e4 {[%emt 0:00:02]} c5 {[%emt 0:00:02]} 2. Nf3 {[%emt 0:00:01]} g6 {[%emt 0:
00:01]} 3. d4 {[%emt 0:00:02]} cxd4 {[%emt 0:00:01]} 4. Nxd4 {[%emt 0:00:01]}
Nc6 {[%emt 0:00:01]} 5. Nc3 {[%emt 0:00:04]} Bg7 {[%emt 0:00:03]} 6. Be3 {
[%emt 0:00:06]} Nf6 {[%emt 0:00:01]} 7. Be2 {[%emt 0:00:14]} O-O {[%emt 0:00:
03]} 8. O-O {[%emt 0:00:03]} d6 {[%emt 0:00:09]} 9. Kh1 {[%emt 0:00:18]} Nxd4 {
[%emt 0:00:16]} 10. Bxd4 {[%emt 0:00:02]} Be6 {[%emt 0:00:01]} 11. f4 {[%emt 0:
00:15]} Rc8 {[%emt 0:00:18]} 12. Bf3 {[%emt 0:00:12]} b6 {[%emt 0:00:32]} 13.
Qd2 {[%emt 0:00:04]} Bc4 {[%emt 0:00:24]} 14. Rfe1 {[%emt 0:00:06]} Qc7 {[%emt
0:00:06]} 15. e5 {[%emt 0:00:06]} dxe5 {[%emt 0:00:05]} 16. Bxe5 {[%emt 0:00:
00]} Qc5 {[%emt 0:00:04]} 17. Qe3 {[%emt 0:00:06]} e6 {[%emt 0:00:08]} 18. Qxc5
{[%emt 0:00:00]} Rxc5 {[%emt 0:00:02]} 19. Re3 {[%emt 0:00:00]} Rd8 {[%emt 0:
00:17]} 20. Rd1 {[%emt 0:00:11]} Rxd1+ {[%emt 0:00:04]} 21. Bxd1 {[%emt 0:00:
00]} Nd5 {[%emt 0:00:03]} 22. Nxd5 {[%emt 0:00:05]} Bxd5 {[%emt 0:00:03]} 23.
Bxg7 {[%emt 0:00:04]} Kxg7 {[%emt 0:00:02]} 24. b3 {[%emt 0:00:05]} Kf6 {[%emt
0:00:03]} 25. c4 {[%emt 0:00:01]} Bb7 {[%emt 0:00:10]} 26. Kg1 {[%emt 0:00:01]}
Kf5 {[%emt 0:00:03]} 27. g3 {[%emt 0:00:05]} a5 {[%emt 0:00:07]} 28. Kf2 {
[%emt 0:00:01]} Be4 {[%emt 0:00:27]} 29. h3 {[%emt 0:00:02]} h5 {[%emt 0:00:02]
} 30. Bf3 {[%emt 0:00:08]} Bxf3 {[%emt 0:00:14]} 31. Kxf3 {[%emt 0:00:00]} b5 {
[%emt 0:00:01]} 32. g4+ {[%emt 0:00:05]} hxg4+ {[%emt 0:00:02]} 33. hxg4+ {
[%emt 0:00:00]} Kf6 {[%emt 0:00:01]} 34. cxb5 {[%emt 0:00:05]} Rxb5 {[%emt 0:
00:01]} 35. Ke4 {[%emt 0:00:03]} Rb4+ {[%emt 0:00:01]} 36. Kf3 {[%emt 0:00:03]}
a4 {[%emt 0:00:00]} 37. g5+ {[%emt 0:00:04]} Ke7 {[%emt 0:00:02]} 38. Re4 {
[%emt 0:00:03]} Rxe4 {[%emt 0:00:03]} 39. Kxe4 {[%emt 0:00:00]} axb3 {[%emt 0:
00:00]} 40. a3 {[%emt 0:00:01]} Kd6 {[%emt 0:00:01]} 41. Kd3 {[%emt 0:00:02]}
e5 {[%emt 0:00:03]} 42. fxe5+ {[%emt 0:00:02]} Kxe5 {[%emt 0:00:01]} 43. a4 {
[%emt 0:00:02]} f5 {[%emt 0:00:01]} 44. gxf6 {[%emt 0:00:03]} Kxf6 {[%emt 0:00:
01]} 45. a5 {[%emt 0:00:00]} Ke7 {[%emt 0:00:01]} 46. a6 {[%emt 0:00:01]} Kd6 {
[%emt 0:00:01]} 47. a7 {[%emt 0:00:01]} b2 {[%emt 0:00:00]} 48. Kc2 {[%emt 0:
00:01]} Kc5 {[%emt 0:00:02]} 49. a8=Q {[%emt 0:00:02] Juanma9413 rinde} 1-0

[Event "Villarobledo Online Qualifyer"]
[Site "playchess.com #155672"]
[Date "2009.05.23"]
[Round "5"]
[White "Promotionfou"]
[Black "drift"]
[Result "1-0"]
[WhiteElo "2097"]
[BlackElo "1817"]
[PlyCount "41"]
[EventDate "2009.05.23"]
[EventType "swiss (blitz)"]

1. e4 {[%emt 0:00:03]} c5 {[%emt 0:00:06]} 2. Nc3 {[%emt 0:00:01]} Nc6 {[%emt
0:00:02]} 3. g3 {[%emt 0:00:01]} g6 {[%emt 0:00:01]} 4. Bg2 {[%emt 0:00:00]}
Bg7 {[%emt 0:00:01]} 5. d3 {[%emt 0:00:00]} e6 {[%emt 0:00:01]} 6. Be3 {[%emt
0:00:03]} d6 {[%emt 0:00:02]} 7. Qd2 {[%emt 0:00:00]} Nge7 {[%emt 0:00:03]} 8.
Bh6 {[%emt 0:00:01]} O-O {[%emt 0:00:01]} 9. h4 {[%emt 0:00:01]} f5 {[%emt 0:
00:03]} 10. h5 {[%emt 0:00:01]} f4 {[%emt 0:00:07]} 11. Bxg7 {[%emt 0:00:04]}
Kxg7 {[%emt 0:00:01]} 12. gxf4 {[%emt 0:00:00]} Ng8 {[%emt 0:00:12]} 13. hxg6 {
[%emt 0:00:04]} hxg6 {[%emt 0:00:02]} 14. Nh3 {[%emt 0:00:03]} Nd4 {[%emt 0:00:
03]} 15. Ng5 {[%emt 0:00:02]} Nh6 {[%emt 0:00:04]} 16. f5 {[%emt 0:00:11]} exf5
{[%emt 0:00:05]} 17. Rxh6 {[%emt 0:00:02]} Nxc2+ {[%emt 0:00:07]} 18. Kd1 {
[%emt 0:00:16]} Nxa1 {[%emt 0:00:02]} 19. Rh7+ {[%emt 0:00:01]} Kf6 {[%emt 0:
00:03]} 20. Nd5+ {[%emt 0:00:06]} Ke5 {[%emt 0:00:08]} 21. Qc3# {[%emt 0:00:06]
} 1-0

[Event "Villarobledo Online Qualifyer"]
[Site "playchess.com #155672"]
[Date "2009.05.23"]
[Round "5"]
[White "GMsKoRPioN"]
[Black "Moe der Beste"]
[Result "0-1"]
[WhiteElo "2570"]
[BlackElo "2182"]
[PlyCount "108"]
[EventDate "2009.05.23"]
[EventType "swiss (blitz)"]

1. d4 {[%emt 0:00:03]} d5 {[%emt 0:00:01]} 2. c4 {[%emt 0:00:01]} c6 {[%emt 0:
00:01]} 3. Nf3 {[%emt 0:00:01]} Nf6 {[%emt 0:00:02]} 4. Nc3 {[%emt 0:00:01]} e6
{[%emt 0:00:01]} 5. Bg5 {[%emt 0:00:02]} Nbd7 {[%emt 0:00:01]} 6. e3 {[%emt 0:
00:01]} Qa5 {[%emt 0:00:01]} 7. Qc2 {[%emt 0:00:03]} Ne4 {[%emt 0:00:14]} 8.
Bf4 {[%emt 0:00:02]} Bb4 {[%emt 0:00:06]} 9. Rc1 {[%emt 0:00:08]} Nb6 {[%emt 0:
00:01]} 10. Bd3 {[%emt 0:00:35]} Na4 {[%emt 0:00:04]} 11. Bxe4 {[%emt 0:00:05]}
dxe4 {[%emt 0:00:10]} 12. Nd2 {[%emt 0:00:14]} Nxc3 {[%emt 0:00:12]} 13. bxc3 {
[%emt 0:00:02]} Ba3 {[%emt 0:00:01]} 14. Rb1 {[%emt 0:00:00]} f5 {[%emt 0:00:
01]} 15. c5 {[%emt 0:00:02]} O-O {[%emt 0:00:02]} 16. Rb3 {[%emt 0:00:09]} Bxc5
{[%emt 0:00:19]} 17. dxc5 {[%emt 0:00:03]} Qxc5 {[%emt 0:00:00]} 18. O-O {
[%emt 0:00:01]} e5 {[%emt 0:00:11]} 19. Bg3 {[%emt 0:00:11]} Be6 {[%emt 0:00:
01]} 20. Rb4 {[%emt 0:00:02]} b6 {[%emt 0:00:05]} 21. Nb3 {[%emt 0:00:04]} Bxb3
{[%emt 0:00:07]} 22. Qxb3+ {[%emt 0:00:04]} Kh8 {[%emt 0:00:01]} 23. Rc4 {
[%emt 0:00:12]} Qd6 {[%emt 0:00:09]} 24. Rd1 {[%emt 0:00:02]} Qc7 {[%emt 0:00:
01]} 25. Qb5 {[%emt 0:00:38]} f4 {[%emt 0:00:06]} 26. Rxc6 {[%emt 0:00:05]} Qe7
{[%emt 0:00:03]} 27. exf4 {[%emt 0:00:07]} exf4 {[%emt 0:00:00]} 28. Rcd6 {
[%emt 0:00:26]} fxg3 {[%emt 0:00:10]} 29. hxg3 {[%emt 0:00:00]} e3 {[%emt 0:00:
04]} 30. Qe2 {[%emt 0:00:23]} exf2+ {[%emt 0:00:02]} 31. Kf1 {[%emt 0:00:00]}
Qg5 {[%emt 0:00:27] '} 32. R6d3 {[%emt 0:00:01]} Qh6 {[%emt 0:00:02]} 33. Qf3 {
[%emt 0:00:05]} Rxf3 {[%emt 0:00:05]} 34. gxf3 {[%emt 0:00:07]} Qh1+ {[%emt 0:
00:10]} 35. Kxf2 {[%emt 0:00:00]} Qh2+ {[%emt 0:00:00]} 36. Kf1 {[%emt 0:00:01]
} Qh3+ {[%emt 0:00:03]} 37. Kf2 {[%emt 0:00:01]} Rg8 {[%emt 0:00:00]} 38. Rg1 {
[%emt 0:00:02]} Qf5 {[%emt 0:00:02]} 39. Rg2 {[%emt 0:00:00]} Qxd3 {[%emt 0:00:
01]} 40. Kg1 {[%emt 0:00:01]} Rf8 {[%emt 0:00:00]} 41. Kh2 {[%emt 0:00:00]}
Qxf3 {[%emt 0:00:01]} 42. Kh3 {[%emt 0:00:00]} Rf6 {[%emt 0:00:01]} 43. Kh2 {
[%emt 0:00:03]} Rh6+ {[%emt 0:00:00]} 44. Kg1 {[%emt 0:00:00]} g6 {[%emt 0:00:
02]} 45. Rf2 {[%emt 0:00:00]} Qxg3+ {[%emt 0:00:01]} 46. Kf1 {[%emt 0:00:01]}
Rh1+ {[%emt 0:00:00]} 47. Ke2 {[%emt 0:00:01]} Ra1 {[%emt 0:00:01]} 48. Rf8+ {
[%emt 0:00:01]} Kg7 {[%emt 0:00:01]} 49. Rf3 {[%emt 0:00:02]} Rxa2+ {[%emt 0:
00:01]} 50. Ke3 {[%emt 0:00:00]} Qe5+ {[%emt 0:00:02]} 51. Kd3 {[%emt 0:00:01]}
Ra3 {[%emt 0:00:01]} 52. Re3 {[%emt 0:00:01]} Rxc3+ {[%emt 0:00:01]} 53. Kd2 {
[%emt 0:00:00]} Qxe3+ {[%emt 0:00:00]} 54. Kd1 {[%emt 0:00:00]} Rc1# {[%emt 0:
00:00]} 0-1

[Event "Villarobledo Online Qualifyer"]
[Site "playchess.com #155672"]
[Date "2009.05.23"]
[Round "5"]
[White "TheMaster15"]
[Black "Dreistein"]
[Result "0-1"]
[WhiteElo "2290"]
[BlackElo "1860"]
[PlyCount "84"]
[EventDate "2009.05.23"]
[EventType "swiss (blitz)"]

1. e4 {[%emt 0:00:01]} c5 {[%emt 0:00:02]} 2. Nf3 {[%emt 0:00:02]} Nc6 {[%emt
0:00:01]} 3. Bb5 {[%emt 0:00:01]} g6 {[%emt 0:00:01]} 4. Bxc6 {[%emt 0:00:01]}
dxc6 {[%emt 0:00:01]} 5. Nc3 {[%emt 0:00:00]} Bg7 {[%emt 0:00:01]} 6. d3 {
[%emt 0:00:00]} Nf6 {[%emt 0:00:01]} 7. Be3 {[%emt 0:00:01]} Nd7 {[%emt 0:00:
02]} 8. Qd2 {[%emt 0:00:04]} O-O {[%emt 0:00:01]} 9. Bh6 {[%emt 0:00:03]} e5 {
[%emt 0:00:04]} 10. h4 {[%emt 0:00:01]} f6 {[%emt 0:00:06]} 11. O-O-O {[%emt 0:
00:04]} b5 {[%emt 0:00:03]} 12. h5 {[%emt 0:00:12]} g5 {[%emt 0:00:02]} 13.
Bxg7 {[%emt 0:00:01]} Kxg7 {[%emt 0:00:02]} 14. h6+ {[%emt 0:00:00]} Kh8 {
[%emt 0:00:04]} 15. Ne2 {[%emt 0:00:04]} a5 {[%emt 0:00:05]} 16. Ng3 {[%emt 0:
00:04]} Nb6 {[%emt 0:00:05]} 17. Qe3 {[%emt 0:00:21]} Na4 {[%emt 0:00:08]} 18.
Nd2 {[%emt 0:00:35]} Qd4 {[%emt 0:00:12]} 19. Qxd4 {[%emt 0:00:36]} cxd4 {
[%emt 0:00:00]} 20. Ne2 {[%emt 0:00:05]} Be6 {[%emt 0:00:02]} 21. Kb1 {[%emt 0:
00:03]} c5 {[%emt 0:00:07]} 22. g3 {[%emt 0:00:04]} c4 {[%emt 0:00:06]} 23. f4
{[%emt 0:00:05]} cxd3 {[%emt 0:00:23]} 24. cxd3 {[%emt 0:00:02]} Nc5 {[%emt 0:
00:02]} 25. Nf3 {[%emt 0:00:08]} gxf4 {[%emt 0:00:13]} 26. gxf4 {[%emt 0:00:01]
} Bg4 {[%emt 0:00:05]} 27. Rhf1 {[%emt 0:00:05]} Bxf3 {[%emt 0:00:07]} 28. Rxf3
{[%emt 0:00:01]} Nd7 {[%emt 0:00:04]} 29. Rdf1 {[%emt 0:00:06]} Rac8 {[%emt 0:
00:13]} 30. Ng3 {[%emt 0:00:17]} exf4 {[%emt 0:00:10]} 31. Rxf4 {[%emt 0:00:02]
} Ne5 {[%emt 0:00:04]} 32. Rxf6 {[%emt 0:00:30]} Rxf6 {[%emt 0:00:00]} 33. Rxf6
{[%emt 0:00:05]} Nxd3 {[%emt 0:00:01]} 34. a3 {[%emt 0:00:03]} a4 {[%emt 0:00:
17]} 35. Rd6 {[%emt 0:00:02]} Nc1 {[%emt 0:00:20] '} 36. Rxd4 {[%emt 0:00:03]}
Nb3 {[%emt 0:00:01]} 37. Rd1 {[%emt 0:00:01]} Kg8 {[%emt 0:00:04]} 38. Nf5 {
[%emt 0:00:01]} Rc5 {[%emt 0:00:10]} 39. Rg1+ {[%emt 0:00:07]} Kf7 {[%emt 0:00:
02]} 40. Rg7+ {[%emt 0:00:05]} Kf6 {[%emt 0:00:01]} 41. Rxh7 {[%emt 0:00:00]}
Rc1+ {[%emt 0:00:03]} 42. Ka2 {[%emt 0:00:01]} Ra1# {[%emt 0:00:02]} 0-1